Globalización y desarrollo : desafíos de Puerto Rico frente al siglo XXI /
Guardado en:
| Autor Corporativo: | |
|---|---|
| Otros Autores: | |
| Formato: | Libro |
| Idioma: | Spanish |
| Publicado: |
México, D.F. :
Sede Subregional de la CEPAL en México,
c2005.
|
| Series: | Libros de la CEPAL ;
no. 84 |
| Materias: | |
| Etiquetas: |
Agregar Etiqueta
Sin Etiquetas, Sea el primero en etiquetar este registro!
|
| LEADER | 01253cam a22003254a 4500 | ||
|---|---|---|---|
| 001 | EEO.eeo000913 | ||
| 008 | 070104s2005####mx#a###g#b###i000#0#spa#c | ||
| 005 | 20141212130031.0 | ||
| 245 | 0 | 0 | |a Globalización y desarrollo : |b desafíos de Puerto Rico frente al siglo XXI / |c Jorge Mario Martínez Piva ... [et al.]. |
| 260 | |a México, D.F. : |b Sede Subregional de la CEPAL en México, |c c2005. | ||
| 300 | |a 341 p. : |b il. ; |c 23 cm. | ||
| 490 | 1 | |a Libros CEPAL ; |v no. 84 | |
| 546 | |a En español; sumarios en español e inglés | ||
| 504 | |a Incluye referencias bibliográficas (p. 291-300). | ||
| 020 | |a 9213226659 | ||
| 020 | |a 9789213226650 | ||
| 700 | 1 | |a Martínez Piva, Jorge Mario. | |
| 710 | 2 | |a Naciones Unidas. |b Comisión Económica para América Latina y el Caribe |b Subsede en México. | |
| 830 | 0 | |a Libros de la CEPAL ; |v no. 84 | |
| 043 | |a nwpr--- |a n-us--- | ||
| 650 | 7 | |a Globalización económica. |2 Isoc | |
| 651 | 7 | |a Puerto Rico. |2 mpirdes | |
| 650 | 7 | |a Desarrollo económico. |2 Isoc | |
| 650 | 7 | |a Estadísticas. |2 Isoc | |
| 650 | 7 | |a Historia económica. |2 Isoc | |
| 010 | |a 2007354211 | ||
| 040 | |a CLU |c CLU |d CLU |d DLC | ||
| 041 | 0 | |a spa |b eng | |
| 050 | 0 | 0 | |a HC154.5 |b .G56 2005 |
| 859 | |a AR-BaUEB |b BIB. ECONOMIA - General |h I-CEPAL-L84 |p e13792 | ||
